Die Chorschranke der Kathedrale von Amiens : Funktion und Krise eines mittelalterlichen Ausstattungstypus

Gespeichert in:
Bibliographische Detailangaben
VerfasserIn: Knipping, Detlef (VerfasserIn)
Dokumenttyp: Hochschulschrift Buch
Sprache:German
Veröffentlicht: München ; Berlin : Dt. Kunstverlag , 2001
Schriftenreihe:Kunstwissenschaftliche Studien 97
Schlagwörter:
Online Zugang:Rezension
Rezension
Rezension
Bibliogr. Hinweis:Rezensiert in: [Rezension von: Detlef Knipping, Die Chorschranke der Kathedrale von Amiens]
Verantwortlich:Detlef Knipping
LEADER 04569cam a2200985 c 4500
001 329612913
003 DE-627
005 20260420214853.0
007 tu
008 010525s2001 gw ||||| m 00| ||ger c
015 |a 01,N32,0545  |2 dnb 
015 |a 02,A02,0994  |2 dnb 
016 7 |a 961946598  |2 DE-101 
020 |a 3422063226  |9 3-422-06322-6 
020 |z 3422063222 
035 |a (DE-627)329612913 
035 |a (DE-603)099005255 
035 |a (DE-576)08922809X 
035 |a (DE-599)GBV329612913 
035 |a (OCoLC)722679396 
035 |a (OCoLC)50192027 
035 |a (OCoLC)186437461 
035 |a (OCoLC)612129202 
035 |a (AT-OBV)AC03276120 
040 |a DE-627  |b ger  |c DE-627  |e rakwb 
041 |a ger 
044 |c XA-DE  |c XA-FR 
050 0 |a NA5550.A4 
050 0 |a NB1255.F8 
082 0 |a 731/.882/09442645  |q BSZ 
082 0 |a 731.88209442645  |q LoC  |2 DDC21oclc 
082 0 4 |a 45  |a 46 
084 |a 46  |2 sdnb 
084 |a 46  |a 45  |a 12  |2 sdnb 
084 |a 9,10  |2 ssgn 
084 |a LM 13572  |2 rvk  |0 (DE-625)rvk/101067:13313 
084 |a 21.70  |2 bkl 
084 |a 21.59  |2 bkl 
084 |a 56.88  |2 bkl 
100 1 |a Knipping, Detlef  |d 1963-  |0 (DE-588)122289714  |0 (DE-627)081854188  |0 (DE-576)182917894  |4 aut 
245 1 4 |a Die Chorschranke der Kathedrale von Amiens  |b Funktion und Krise eines mittelalterlichen Ausstattungstypus  |c Detlef Knipping 
264 1 |a München  |a Berlin  |b Dt. Kunstverlag  |c 2001 
300 |a 207 S.  |b zahlr. Ill.  |c 26 cm 
336 |a Text  |b txt  |2 rdacontent 
337 |a ohne Hilfsmittel zu benutzen  |b n  |2 rdamedia 
338 |a Band  |b nc  |2 rdacarrier 
490 1 |a Kunstwissenschaftliche Studien  |v 97 
502 |a Teilw. zugl.: München, Univ., Diss., 1995 
505 8 |a Literaturverz. S. 140 - 146 
583 1 |a Archivierung/Langzeitarchivierung gewährleistet  |f SSG  |x XA-DE-BW  |2 pdager  |5 DE-16 
610 2 4 |a Cathédrale d'Amiens 
650 0 7 |0 (DE-588)4147908-7  |0 (DE-627)105572926  |0 (DE-576)209760567  |a Chorschranke  |2 gnd 
650 0 7 |0 (DE-588)4073436-5  |0 (DE-627)104791268  |0 (DE-576)209190450  |a Kirchenbau  |2 gnd 
650 0 7 |0 (DE-588)4046277-8  |0 (DE-627)106198602  |0 (DE-576)209068817  |a Plastik  |2 gnd 
650 0 7 |0 (DE-588)4129108-6  |0 (DE-627)104535474  |0 (DE-576)209607793  |a Mittelalter  |2 gnd 
650 4 |a Christian art and symbolism  |x Modern period, 1500- 
650 4 |a Church decoration and ornament  |x France  |x Amiens 
650 4 |a Screens (Church decoration)  |x France  |x Amiens 
650 4 |a Wood sculpture, French  |x France  |x Amiens 
650 4 |a Wood sculpture, Gothic  |x France  |x Amiens 
651 7 |0 (DE-588)4068648-6  |0 (DE-627)106105213  |0 (DE-576)209174366  |a Kathedrale Amiens  |g Amiens  |2 gnd 
651 7 |0 (DE-588)4018145-5  |0 (DE-627)106327232  |0 (DE-576)208922857  |a Frankreich  |2 gnd 
655 7 |a Hochschulschrift  |0 (DE-588)4113937-9  |0 (DE-627)105825778  |0 (DE-576)209480580  |2 gnd-content 
689 0 0 |d g  |0 (DE-588)4068648-6  |0 (DE-627)106105213  |0 (DE-576)209174366  |a Kathedrale Amiens  |g Amiens  |2 gnd 
689 0 1 |d s  |0 (DE-588)4147908-7  |0 (DE-627)105572926  |0 (DE-576)209760567  |a Chorschranke  |2 gnd 
689 0 |5 DE-101 
751 |a München  |0 (DE-588)4127793-4  |0 (DE-627)105722073  |0 (DE-576)209596570  |4 uvp 
787 0 8 |i Rezensiert in  |a Markschies, Alexander, 1969 -   |t [Rezension von: Detlef Knipping, Die Chorschranke der Kathedrale von Amiens]  |d 2003  |w (DE-627)1920431683 
830 0 |a Kunstwissenschaftliche Studien  |v 97  |9 97  |w (DE-627)13019607X  |w (DE-576)000863149  |w (DE-600)530622-X  |x 0170-9186  |7 am 
856 4 2 |u https://swbplus.bsz-bw.de/bsz08922809xrez.htm  |m B:DE-576;DE-16  |q application/pdf  |v 20081106095416  |x Verlag  |3 Rezension  |7 1 
856 4 2 |u http://www.sehepunkte.de/2003/03/2398.html  |m V:DE-576;X:Sehepunkte  |q text/html  |v 20180424113611  |3 Rezension  |7 1 
856 4 2 |u http://scans.hebis.de/HEBCGI/show.pl?09900525_rez.pdf  |m V:DE-576;B:DE-16  |q application/pdf  |3 Rezension  |7 1 
935 |i Blocktest 
936 r v |a LM 13572  |b Kirchen, Kathedralen  |k Kunstgeschichte  |k Kunst nach Ländern bzw. Kontinenten  |k Frankreich  |k Kunsttopografie Frankreichs  |k Alphabetische Liste der französischen Orte  |k Orte A  |k Amiens  |k Kirchen, Kathedralen  |0 (DE-627)1271690047  |0 (DE-625)rvk/101067:13313  |0 (DE-576)201690047 
936 b k |a 21.70  |j Geschichte der Sakralbaukunst  |0 (DE-627)106421255 
936 b k |a 21.59  |j Bildhauerei: Sonstiges  |0 (DE-627)106405810 
936 b k |a 56.88  |j Sakralbau  |x Architektur  |0 (DE-627)106421204 
936 s n |a l300  |2 mzub 
936 s n |a z210  |2 mzub 
936 s n |a b100  |2 mzub 
951 |a BO 
990 |a Kathedrale Amiens 
990 |a Chorschranke 
991 |a Rezensiertes Werk 
999 |a KXP-PPN329612913  |e 495719730X